| 000 | 00584nam a2200193 4500 | ||
|---|---|---|---|
| 001 | 108580 | ||
| 003 | ES-MaACL | ||
| 005 | 20230906184652.0 | ||
| 007 | t| | ||
| 008 | 061121s1970 sp r ||||1| spa d | ||
| 100 | 1 |
_aMonne, M. _982238 |
|
| 245 | 1 | 0 |
_aAparatos de manutención / _cM. Monne, A. Ognus; traducido por Luis Mª Jiménez de Cisneros. |
| 250 | _a1ª. ed. | ||
| 260 |
_aBarcelona : _bBlume, _c1970. |
||
| 300 |
_a285 p. : _bil. ; _c23 cm. |
||
| 700 | 1 |
_aOgnus, A. _986578 |
|
| 700 | 1 |
_aJiménez de Cisneros, Luis María. _966498 |
|
| 852 |
_aES-MaACL _jC-44066 _bR.74478 |
||
| 999 |
_c108580 _d108580 |
||